Decir sí, decir no / (Registro nro. 192877)

Detalles MARC
000 -CABECERA
campo de control de longitud fija 00808nam a2200253 u 4500
005 - FECHA Y HORA DE LA ÚLTIMA TRANSACCIÓN
campo de control 20241031063727.0
008 - ELEMENTOS DE LONGITUD FIJA--INFORMACIÓN GENERAL
campo de control de longitud fija 171009s2008 ag r 000 0 spa d
020 ## - NÚMERO INTERNACIONAL NORMALIZADO PARA LIBROS
Número Internacional Estándar del Libro 9789872163150
035 ## - NÚMERO DE CONTROL DEL SISTEMA
Número de control de sistema UPN01000220778
049 ## - COLECCIÓN
Colección I
050 #4 - SIGNATURA TOPOGRÁFICA DE LA BIBLIOTECA DEL CONGRESO
Número de clasificación HQ53
Número de documento/Ítem C9.2
100 1# - ASIENTO PRINCIPAL--NOMBRE PERSONAL
Nombre de persona Czarny, Marcela
9 (RLIN) 42084
245 10 - MENCIÓN DE TÍTULO
Título Decir sí, decir no /
Mención de responsabilidad, etc. Marcela Czarny, Mariela Reiman, Andrea Urbas.
260 ## - PUBLICACIÓN, DISTRIBUCIÓN, ETC.
Lugar de publicación, distribución, etc. Buenos Aires :
Nombre del editor, distribuidor, etc. Chicos.Net,
Fecha de publicación, distribución, etc. 2008.
300 ## - DESCRIPCIÓN FÍSICA
Extensión 24 p. :
Otras características físicas principalmente il. col.
440 #0 - MENCIÓN DE SERIE/ASIENTO SECUNDARIO--TÍTULO
Título Educación sexual ;
Nombre de parte o sección de la obra hasta 8 años
650 #2 - ASIENTO SECUNDARIO DE MATERIA - TERMINO TEMATICO
Término de materia o nombre geográfico como elemento de entrada Educacion sexual para niños
9 (RLIN) 3578
650 #2 - ASIENTO SECUNDARIO DE MATERIA - TERMINO TEMATICO
Término de materia o nombre geográfico como elemento de entrada Asertividad (Psicología)
9 (RLIN) 7196
650 #4 - ASIENTO SECUNDARIO DE MATERIA - TERMINO TEMATICO
Término de materia o nombre geográfico como elemento de entrada Libros y lectura para niños
9 (RLIN) 2290
700 1# - ASIENTO SECUNDARIO--NOMBRE DE PERSONAL
Nombre de persona Reiman, Mariela,
Término indicativo de función/relación coaut.
9 (RLIN) 40988
700 1# - ASIENTO SECUNDARIO--NOMBRE DE PERSONAL
Nombre de persona Urbas, Andrea,
Término indicativo de función/relación coaut.
905 ## - TIPO DE MATERIAL
Tipo de material Infantil
Existencias
Estado de retiro Estado de pérdida Fuente del sistema de clasificación o colocación Estado dañado No para préstamo Código de colección Localización permanente Ubicación/localización actual Ubicación en estantería Fecha de adquisición Total de préstamos Clasificación Código de barras Fecha visto por última vez Número de copia Tipo de ítem Koha
    Library of Congress Classification     Infantil Bib. Gregorio Torres Quintero Bib. Gregorio Torres Quintero Sala infantil Planta baja 11/05/2023 1 HQ53 C9.2 317635 31/12/2020 1 Libro